| 000 | 00609nam a2200193 a 4500 | ||
|---|---|---|---|
| 005 | 20140412111410.0 | ||
| 008 | 070214s19uu xx 00 eng d | ||
| 020 | _a983-187-223-1 | ||
| 050 |
_aTR(GS 428.4 _bM11 2004 |
||
| 100 | _aMah, May S.M. | ||
| 245 |
_aSue's birthday, series 1 book 10 / _cMay S.M. Mah. |
||
| 260 |
_aMalaysia : _bRhythm publishing co, _c2004. |
||
| 300 | _a24 | ||
| 440 | _aPhonics in reading | ||
| 520 | _aThe pre - reading practice introduces new words before the stories | ||
| 650 | _aPhonetics-- English language | ||
| 650 | _aReading -- English language | ||
| 999 |
_c105675 _d105675 |
||